<?xml version="1.0" encoding="UTF-8"?>
<collection xmlns="http://www.loc.gov/MARC21/slim">
<record>
  <controlfield tag="001">2370</controlfield>
  <controlfield tag="005">20160701171704.0</controlfield>
  <datafield tag="037" ind1=" " ind2=" ">
    <subfield code="a">ASTROimport-527</subfield>
  </datafield>
  <datafield tag="100" ind1=" " ind2=" ">
    <subfield code="a">Cuypers, J.</subfield>
  </datafield>
  <datafield tag="260" ind1=" " ind2=" ">
    <subfield code="c">1998</subfield>
  </datafield>
  <datafield tag="245" ind1=" " ind2=" ">
    <subfield code="a">Multiple Periodicity in Pulsating Stars: A Caveat</subfield>
  </datafield>
  <datafield tag="520" ind1=" " ind2=" ">
    <subfield code="a">Multiperiodicity is commonly observed in pulsating stars. More and more stars have now already a long series of observations, but high precision photometric and spectroscopic measurements (radial velocity and line profile variations) are in most cases interrupted by long time gaps. The influence of these interruptions on the results of the period analysis is not always taken into account. With the example of the b Cephei star b Crucis, where a lot of a priori information is available, it is shown how the analysis of data with large time gaps can lead to an erroneous set of periods. </subfield>
  </datafield>
  <datafield tag="700" ind1=" " ind2=" ">
    <subfield code="a"> Minarini, R.</subfield>
  </datafield>
  <datafield tag="773" ind1=" " ind2=" ">
    <subfield code="p">A Half Century of Stellar Pulsation Interpretation</subfield>
    <subfield code="v">135</subfield>
    <subfield code="y">1998</subfield>
    <subfield code="c">218</subfield>
  </datafield>
  <datafield tag="856" ind1="4" ind2="2">
    <subfield code="a">http://esoads.eso.org/abs/1998ASPC..135..218C</subfield>
  </datafield>
  <datafield tag="905" ind1=" " ind2=" ">
    <subfield code="a">published in</subfield>
  </datafield>
  <datafield tag="980" ind1=" " ind2=" ">
    <subfield code="a">NONREF</subfield>
  </datafield>
</record>
</collection>